000 00782cab a2200229 4500
001 X83487
008 090401t1997 xxu||||| |||| 00| 0 eng d
035 _a(Sirsi) u77868
041 _aeng
245 _aBromley LBC and McGlasham
260 _c1997
350 _a0
490 _aPlanning Appeal Decisions
_v[1997] 12 PAD 121-125(5)
520 _aEnforcement notice served in respect of land in Green Belt and area of Special Landscape-Value - unlawful erection of stable structure and concrete hardstanding - planning permission granted. HEADNOTE FROM JOURNAL.
650 _aBROMLEY LBC AND MCGLASHAM
650 _aENFORCEMENT NOTICE
650 _aGREEN BELT
650 _aSTABLES
690 _aPLANNING LAW AND PRACTICE-CASE LAW
942 _n0
948 _c22/04/1997
999 _c48957
_d48957